[Event "Wch U14"]
[Site "Florianopolis"]
[Date "2024.11.05"]
[Round "7"]
[White "Da Silva, Kauan Carlos Cardos"]
[Black "Dhom Lemos, Frederico M Brescia"]
[Result "1-0"]
[WhiteElo "1562"]
[BlackElo "1512"]
[PlyCount "23"]
[EventDate "2024.10.29"]
[EventType "swiss"]
[EventRounds "11"]
[EventCountry "BRA"]
[SourceTitle "CB45_2024"]
[Source "ChessBase"]
[SourceDate "2024.11.06"]
[SourceVersion "1"]
[SourceVersionDate "2024.11.06"]
[SourceQuality "1"]

1. e4 c5 2. Nf3 Nc6 3. d4 a5 4. Nc3 cxd4 5. Nxd4 e5 6. Nf5 Qc7 7. Nb5 Qb8 8. Nbd6+ Bxd6 9. Nxd6+ Ke7 10. Nf5+ Kf8 11. Be3 Nf6 12. Bc5+ 1-0

[Event "Wch U14"]
[Site "Florianopolis"]
[Date "2024.11.02"]
[Round "5"]
[White "Motta, Pedro Jose Colombo"]
[Black "Dhom Lemos, Frederico M Brescia"]
[Result "1-0"]
[WhiteElo "1595"]
[BlackElo "1512"]
[PlyCount "41"]
[EventDate "2024.10.29"]
[EventType "swiss"]
[EventRounds "11"]
[EventCountry "BRA"]
[SourceTitle "CB45_2024"]
[Source "ChessBase"]
[SourceDate "2024.11.06"]
[SourceVersion "1"]
[SourceVersionDate "2024.11.06"]
[SourceQuality "1"]

1. e4 c5 2. Nf3 d6 3. d4 cxd4 4. Nxd4 Nf6 5. Nc3 a6 6. Bg5 e6 7. f4 Be7 8. Qf3 Nbd7 9. 0-0-0 e5 10. Nf5 b5 11. fxe5 Nxe5 12. Bxf6 Bxf5 13. Bxe7 Qxe7 14. Qxf5 0-0 15. Nd5 Qb7 16. h4 Rac8 17. h5 Ng6 18. hxg6 fxg6 19. Qe6+ Kh8 20. Bxb5 axb5 21. Rxh7+ 1-0

[Event "Wch U14"]
[Site "Florianopolis"]
[Date "2024.10.31"]
[Round "3"]
[White "Telles, Arnoldo Beber"]
[Black "Dhom Lemos, Frederico M Brescia"]
[Result "1-0"]
[WhiteElo "1648"]
[BlackElo "1512"]
[PlyCount "47"]
[EventDate "2024.10.29"]
[EventType "swiss"]
[EventRounds "11"]
[EventCountry "BRA"]
[SourceTitle "CB45_2024"]
[Source "ChessBase"]
[SourceDate "2024.11.06"]
[SourceVersion "1"]
[SourceVersionDate "2024.11.06"]
[SourceQuality "1"]

1. Nf3 d5 2. b3 Nf6 3. Bb2 g6 4. c4 c6 5. g3 Bg7 6. cxd5 cxd5 7. Bg2 Nc6 8. Ne5 Nxe5 9. Bxe5 0-0 10. 0-0 Bd7 11. Nc3 e6 12. Rc1 Nh5 13. Bxg7 Nxg7 14. d3 d4 15. Na4 Bxa4 16. bxa4 Rb8 17. Qc2 e5 18. Qc7 Ne6 19. Qxe5 Re8 20. Qd5 Qe7 21. Qa5 b6 22. Qb5 f5 23. Bd5 Kg7 24. Qc6 1-0